00637nam a2200193Ia 450000500170000000800410001702000150005808200130007324500910008626000700017730000200024765000100026765000140027765000130029170000230030494200060032795200950033399900150042820240801044356.0240331s9999 xx 000 0 und d a0472083287 bPOLa376 4aThe politics of women's education :bperspectives from Asia, Africa, and Latin America aUnited States of America bThe University of Michigan pressc1995 a viii, 261 p ., aWomen aPolitical aEconomic aConway, J.K. eedt cL 001040708LaWERCLbWERCLcSSCd2024-03-31l0o 376 POLp4016r2024-03-31w2024-03-31yL c2971d2971